Statistics for Top 15 Countries with Covid-19 Deaths - 28 July 2021

Click here to take the quiz!

General Stats

  • This quiz has been taken 18 times
  • The average score is 15 of 25

Answer Stats

country% Correct
Brazil
100%
India
100%
Russia
100%
United States
100%
Germany
94%
Argentina
88%
Italy
88%
Mexico
88%
Spain
88%
United Kingdom
88%
France
82%
Colombia
76%
Peru
76%
Belgium
41%
Indonesia
41%
Iran
41%
Hungary
35%
Paraguay
35%
Bulgaria
29%
Czechia
29%
Slovakia
29%
Bosnia and
Herzegovina
24%
Croatia
24%
Slovenia
24%
North Macedonia
18%

Score Distribution

Percentile by Number Answered

Percent of People with Each Score

Your Score History

You have not taken this quiz